000 00483nam a2200157 i 4500
001 63316
003 ES-MaACL
007 t|
008 031209s1921 ag ||||1| spa d
100 1 _aFerraria, Mayorino.
_950321
245 1 0 _aMúsica en verso /
_cMayorino Ferraria ; ilustraciones de Romulda Ferraria.
260 _aBuenos Aires :
_b[s.n.],
_c1921 (
_fLópez y Compª)
300 _a110 p., 5 lám. ;
_c18 cm.
700 1 _aFerraria, Romulda.
_950322
852 _aES-MaACL
_jG-3556
999 _c63316
_d63316